🌌 Closest cities to Colombia Quiz Stats

 Plays Quiz not verified by Sporcle

Challenge
Share
Tweet
Embed
Score 0/22 Timer 06:00
0 Plays Today
km City % Correct
472Caracas
96.9%
130Quito
96.9%
233Ciudad de Panamá
90.6%
86Maracaibo
85.8%
391Guayaquil
85%
398Valencia
58.3%
291Barquisimeto
42.5%
400Cuenca
38.6%
432Maracay
37%
147Iquitos
36.2%
25San Cristóbal
35.4%
km City % Correct
139Mérida
26%
337Manta
18.1%
176Barinas
15.7%
171Santo Domingo de los Colorados
14.2%
119Cabimas
11%
329Portoviejo
8.7%
303Acarigua
7.1%
383Durán
7.1%
231San Miguelito
7.1%
472Petare
5.5%
433Turmero
3.9%

You're not logged in!

Compare scores with friends on all Sporcle quizzes.
Join for Free
OR
Log In

You Might Also Like...

Show Comments

Extras

Top Quizzes Today


Score Distribution

Your Account Isn't Verified!

In order to create a playlist on Sporcle, you need to verify the email address you used during registration. Go to your Sporcle Settings to finish the process.

Report this User

Report this user for behavior that violates our Community Guidelines.

Details: